000 00345nam a22001217a 4500
008 181126b xxu||||| |||| 00| 0 eng d
041 _aeng
080 _a043.3
100 _a0
101 _aBTH-INI
245 _aPërmirësimi i performancës së energjisë përmes Smart sistemeve me demostrim në kampusin e UBT-së
_cRama,M
942 _2udc
_cBK
999 _c52509
_d52509